Responses for show #8049 - Thursday, September 12, 2019

Jason Zuffranieri game 10.

Contestants

[<< previous game]

Eric Harp, a civil engineer from Washington, D.C.

Jeff Harbin, an academic librarian from Manchester, New Hampshire

Jason Zuffranieri, a math teacher from Albuquerque, New Mexico (whose 9-day cash winnings total $233,243)

[next game >>]

Jeopardy! Round responses

SEPTEMBER
EVERYDAY FOOTBALL TERMS
BLANK THAT GUY
CISTERN CITIES
IT'S HYPHENATED
COUNTRY MUSIC
(Alex: A whole category devoted to a new documentary by Ken Burns called Country Music and he will be delivering each clue in the category.)
    $200 28
sapphire

Jason
    $200 8
a hike

Jeff
    $200 29
(Eric: Who is "Boss" Hogg?)
...
(Alex: "Boss" Hogg was the television show...)
[Laughter]

"Boss" Tweed

JasonEric
    $200 30
the eruption of Vesuvius

Jeff
    $200 27
merry-go-round

Jason
    $200 21
(Alex: Yes, and that series, Country Music, premieres on PBS this weekend.)
[No applause for Jason's run of the category]

"Home On The Range"

Jason
    $400 25
Oktoberfest

Jason
    $400 7
a bomb

Jeff
    $400 24
(Alex: Less than a minute.)

Himmler

Jason
    $400 23
Istanbul

Jeff
    $400 26
at half-staff

Jason
    $400 20
(Alex: [*]--Naomi & Wynonna.)

The Judds

Jason
    $600 16
gospel music

Jason
    $600 6
a Hail Mary

Jeff
    $600 12
Schultz

Jason
    $600 22
the Acropolis

Jeff
    $600 14
duck-bill

Eric
    $600 19
(Johnny) Cash

Jason
    $800 4
assisted living centers

Triple Stumper
    $800 2
(Eric: What is, uh...blindside?)

snap

Eric
Triple Stumper
    $800 11
John Wilkes Booth

Jason
    $800 15
Tunisia

Jeff
    $800 13
the Trans-Siberian

Jason
    $6,000 18
Patsy Cline

Jason
    $1000 3
a meteor shower

Jason
    $1000 1
block

Jason
    $1000 10
[Alex reads "____ ____" as "two words".]

Pol Pot

Jason
    $1000 5
San Francisco

Jeff
    $1000 9
aide-de-camp

Jason
    $1000 17
Charley Pride

Jason

Scores at the first commercial break (after clue 15):

Jason Jeff Eric
$6,200 $3,000 -$200

Scores at the end of the Jeopardy! Round:

Jason Jeff Eric
$16,800 $4,200 -$400

Double Jeopardy! Round responses

ANATOMICAL ETYMOLOGY
THE NON-ADVERB "-LY" WORD
CANADIAN TV SHOWS
BEEN AROUND AWHILE
YOGA POSES
SUN SALUTATIONS
    $400 12
the elbow

Jason
    $400 22
(Jason: Um, what is...I don't know!)

a filly

JasonEric
    $400 23
Stargate

Jeff
    $400 25
(Alex: Less than a minute now to deal with this last category.)

the Immaculate Conception

Jason
    $400 26
dog

Jason
    $400 1
Annie

Jeff
    $800 11
cervix

Jeff
    $800 21
family

Jason
    $800 20
(Jason: What is Black Mirror?)
(Jeff: What is Russian Doll?)
...
(Alex: What should you have said, Jason?)
(Jason: [*].)
(Alex: [*], yeah. You'd have been right.)

Orphan Black

JasonJeff
Triple Stumper
    $800 24
(Eric: What is a fork?)

chopsticks

JasonEric
    $800 27
tree

Jeff
    $800 19
Walden

Jason
    $1200 4
keratin

Jason
    $1200 9
Italy

Jason
    $1200 10
Yellowknife

Jeff
    $1200 15
Parliament

Jason
    $1200 28
warrior pose

Jeff
    $1200 18
"Here Comes The Sun"

Eric
    $1600 3
the trachea

Eric
    $1600 8
doily

Jason
    $1600 6
Caillou

Jeff
    $1600 14
(Jeff: What is "The High One"?)

"The Old One" ("The Old Man")

Jeff
Triple Stumper
    $1600 29
sciatica

Jason
    $1600 17
The Sun Also Rises

Jason
    $4,600 2
phalanges

Jeff
    $2000 7
orderly

Jason
    $2000 5
Kids in the Hall

Jason
    $4,000 13
(Alex: Yes, he served alongside Strom Thurmond, who was the senior.)

South Carolina

Jason
    $2000 30
the child's pose

Triple Stumper
    $2000 16
(Langston) Hughes

Jason

Scores at the end of the Double Jeopardy! Round:

Jason Jeff Eric
$37,600 $12,800 $2,000
(lock game)

[wagering suggestions for these scores]

Final Jeopardy! Round responses

AMERICAN MUSEUMS
(Alex: [To Jeff] And that, unfortunately, is incorrect. You misread the clue. Those were the 2 words added, but we needed the name of the museum.)
EricWhat is the Air and Space Museum
$1,999
JeffWhat is "And Space"?
$2,800
JasonWhat is the Air & Space Museum?
$3,000
the Air & Space Museum

Final scores:

Jason Jeff Eric
$40,600 $10,000 $3,999
10-day champion: $273,843 2nd place: $2,000 3rd place: $1,000

Game dynamics:

Coryat scores:

Jason Jeff Eric
$30,400 $10,200 $2,000
35 R
(including 2 DDs),
2 W
16 R
(including 1 DD),
2 W
4 R,
3 W

Combined Coryat: $42,600

The J! Archive is created by fans, for fans. The Jeopardy! game show and all elements thereof, including but not limited to copyright and trademark thereto, are the property of Jeopardy Productions, Inc. and are protected under law. This website is not affiliated with, sponsored by, or operated by Jeopardy Productions, Inc. Join the discussion at JBoard.tv.